Adivina el partido misterioso del Gran Buenos Aires - Estadísticas

Estadísticas generales
  • Esta prueba ha sido intentada 56 veces
  • La puntuación promedio es 22 de 35
Respuestas en el mapa
Las respuestas están codificadas por una escala verde-roja en el mapa de la prueba según el % correcto abajo.
 
Estadísticas de respuestas
Partidos % Correcto
Tigre
78%
Lanus
76%
Avellaneda
73%
La Matanza
73%
Malvinas Argentinas
70%
Moron
70%
Berazategui
68%
La Plata
68%
Berisso
65%
Escobar
65%
General San Martín
65%
Pilar
65%
San Fernando
65%
San Isidro
65%
San Miguel
65%
Vicente Lopez
65%
Ensenada
62%
Lomas de Zamora
62%
Moreno
62%
Tres de Febrero
62%
Cañuelas
59%
Ezeiza
59%
Florencio Varela
59%
Presidente Peron
59%
CABA
57%
Esteban Echeverria
57%
General Rodríguez
57%
Jose C. Paz
57%
Marcos Paz
57%
Merlo
57%
Quilmes
57%
San Vicente
57%
Almirante Brown
54%
Ituzaigó
54%
Partido Misterioso
54%
No se encontraron pruebas coincidentes
Distribución de puntuación
Porcentaje de gente con cada puntuación
Porcentaje por número respondido
Historial de tus puntuaciones
No has intentado esta prueba.